000 00377nam a22001697a 4500
003 MPLRDC
005 20220104114400.0
008 210129b ||||| |||| 00| 0 eng d
082 _a857.62 DL*
100 _a戴力著
245 _a杀手无情
_c
250 _a初版
260 _a
_b武侠春秋出版社
_c1974
300 _b
650 _a
942 _cBK
_o857.62 DL*
999 _c7042
_d7032